R (on the application of David and Lynda Turpin) v Commissioner for Local Administration (Record no. 70377)
[ view plain ]
| 000 -LEADER | |
|---|---|
| fixed length control field | 00948cam a2200193 4500 |
| 001 - CONTROL NUMBER | |
| control field | x118185 |
| 008 - FIXED-LENGTH DATA ELEMENTS--GENERAL INFORMATION | |
| fixed length control field | 020528n2002 000 0 eng u |
| 035 ## - SYSTEM CONTROL NUMBER | |
| System control number | (Sirsi) u118185 |
| 245 ## - TITLE STATEMENT | |
| Title | R (on the application of David and Lynda Turpin) v Commissioner for Local Administration |
| 260 ## - PUBLICATION, DISTRIBUTION, ETC. | |
| Date of publication, distribution, etc. | 2002 |
| 490 ## - SERIES STATEMENT | |
| Series statement | Journal of Planning and Environment Law |
| Volume/sequential designation | [2002[ JPL 326-342(17) |
| 520 ## - SUMMARY, ETC. | |
| Summary, etc. | QBD 28 June 2001. Application for planning permission. Resolution to grant permission subject to s106 agreement. Complaint to Local Ombudsman. Decision not to investigate. Requirements as to disclosure of documents. Judicial review of decision of Ombudsman allowed. (Taken from headnote) |
| 650 ## - SUBJECT ADDED ENTRY--TOPICAL TERM | |
| Topical term or geographic name entry element | R V LOCAL ADMINISTRATION COMMISSIONER EX P TURNER AND ANOTHER |
| 650 ## - SUBJECT ADDED ENTRY--TOPICAL TERM | |
| Topical term or geographic name entry element | PLANNING PERMISSION |
| 650 ## - SUBJECT ADDED ENTRY--TOPICAL TERM | |
| Topical term or geographic name entry element | TOWN AND COUNTRY PLANNING ACT 1990 S106 |
| 650 ## - SUBJECT ADDED ENTRY--TOPICAL TERM | |
| Topical term or geographic name entry element | JUDICIAL REVIEW |
| 690 ## - LOCAL SUBJECT ADDED ENTRY--TOPICAL TERM (OCLC, RLIN) | |
| Topical term or geographic name as entry element | PLANNING LAW AND PRACTICE-CASE LAW |
| 942 ## - ADDED ENTRY ELEMENTS (KOHA) | |
| Suppress in OPAC | 0 |
| Withdrawn status | Lost status | Source of classification or shelving scheme | Damaged status | Not for loan | Home library | Current library | Shelving location | Date acquired | Total Checkouts | Full call number | Barcode | Date last seen | Copy number | Price effective from | Koha item type |
|---|---|---|---|---|---|---|---|---|---|---|---|---|---|---|---|
| Dewey Decimal Classification | London | London | Journals | 28/05/2002 | X118185 | 118185-1001 | 06/08/2019 | 1 | 06/08/2019 | Law report |